书目信息 |
| 题名: |
温州海岛植物
|
|
| 作者: | 陈秋夏 , 王金旺 主编 | |
| 分册: | 上 | |
| 出版信息: | 北京 中国林业出版社 2017.3 |
|
| 页数: | 224页 | |
| 开本: | 26cm | |
| 丛书名: | ||
| 单 册: | ||
| 中图分类: | Q948.525.53 | |
| 科图分类: | ||
| 主题词: | 岛--植物--介绍--浙江--温州 | |
| 电子资源: | ||
| ISBN: | 978-7-5038-7889-3 | |
| 000 | 00958nam0 2200253 450 | |
| 001 | 0400004853 | |
| 005 | 20171026151755.37 | |
| 010 | @a978-7-5038-7889-3@dCNY128.00 | |
| 100 | @a20170619d2017 em y0chiy50 ea | |
| 101 | 0 | @achi |
| 102 | @aCN@b110000 | |
| 105 | @aa z 000yy | |
| 106 | @ar | |
| 200 | 1 | @a温州海岛植物@9wen zhou hai dao zhi wu@h上@f陈秋夏,王金旺主编 |
| 210 | @a北京@c中国林业出版社@d2017.3 | |
| 215 | @a224页@c彩照@d26cm | |
| 304 | @a英文共同题名:Island flora of Wenzhou | |
| 330 | @a本书共收集了温州海岛植物73科219种,详细描述了植物的形态特征、海岛生长环境、分布与用途等信息,图文并茂。本书的出版对研究海岛植物资源和海岛植被分布对于如何合理开发利用、保护海岛资源及丰富生物多样性具有重要的意义。 | |
| 606 | 0 | @a岛@x植物@x介绍@y浙江@y温州 |
| 690 | @aQ948.525.53@v5 | |
| 701 | 0 | @a陈秋夏@9chen qiu xia@4主编 |
| 701 | 0 | @a王金旺@9wang jin wang@4主编 |
| 801 | 0 | @aCN@b91MARC@c20171025 |
| 905 | @b1039632-5@dQ948.525.53@f4@e366:1 | |
| 温州海岛植物.上/陈秋夏,王金旺主编.-北京:中国林业出版社,2017.3 |
| 224页:彩照;26cm |
| ISBN 978-7-5038-7889-3:CNY128.00 |
| 本书共收集了温州海岛植物73科219种,详细描述了植物的形态特征、海岛生长环境、分布与用途等信息,图文并茂。本书的出版对研究海岛植物资源和海岛植被分布对于如何合理开发利用、保护海岛资源及丰富生物多样性具有重要的意义。 |
| ● |
| 相关链接 |
|
|
|
|
正题名:温州海岛植物
索取号:Q948.525.53/366:1
 
预约/预借
| 序号 | 登录号 | 条形码 | 馆藏地/架位号 | 状态 | 备注 |
| 1 | 1039632 | 210396329 | 第二样本阅览室/ [索取号:Q948.525.53/366:1] | 在馆 | |
| 2 | 1039633 | 210396338 | 密集书库-生命科学系/ [索取号:Q948.525.53/366:1] | 在馆 | |
| 3 | 1039634 | 210396347 | 第三借阅区/ [索取号:Q948.525.53/366:1] | 在馆 | |
| 4 | 1039635 | 210396356 | 第三借阅区/ [索取号:Q948.525.53/366:1] | 在馆 |